[Event "Open Praha 2018 - A"]
[Site "Praha (CZE)"]
[Date "2018.01.15"]
[Round "5"]
[White "Cholleti, Sahajasri"]
[Black "Soural, Jan"]
[Result "1/2-1/2"]
[WhiteElo "2083"]
[BlackElo "2227"]
[PlyCount "48"]
[EventDate "2018.01.12"]

1. Nf3 c5 2. c4 g6 3. d4 cxd4 4. Nxd4 Nc6 5. e4 Nf6 6. Nc3 d6 7. Be2 Nxd4 8.
Qxd4 Bg7 9. Be3 O-O 10. Qd2 Be6 11. Rc1 Qa5 12. f3 Rfc8 13. b3 a6 14. Na4 Qxd2+
15. Kxd2 Nd7 16. g4 f5 17. h3 fxe4 18. fxe4 Rf8 19. Rhf1 Rxf1 20. Rxf1 Rf8 21.
Rxf8+ Kxf8 22. Nb6 Ne5 23. Nd5 Bd7 24. b4 Nc6 1/2-1/2

[Event "Open Praha 2018 - B"]
[Site "Praha (CZE)"]
[Date "2018.01.12"]
[Round "1"]
[White "Janacek, Jaroslav"]
[Black "Werner, Roman"]
[Result "1-0"]
[WhiteElo "2020"]
[BlackElo "1588"]
[PlyCount "69"]
[EventDate "2018.01.12"]

1. Nf3 d5 2. c4 c5 3. cxd5 Qxd5 4. Nc3 Qd8 5. g3 Nc6 6. Bg2 Nf6 7. O-O e6 8. b3
Be7 9. Bb2 O-O 10. e3 Qd3 11. Ne1 Qg6 12. Qe2 Rd8 13. f4 Rb8 14. Bxc6 bxc6 15.
Rc1 e5 16. fxe5 Bg4 17. Qg2 Nd5 18. h3 Nxc3 19. Bxc3 Be6 20. Rf4 h5 21. h4 Rb5
22. Kh2 Bd5 23. e4 Be6 24. Nc2 c4 25. Nd4 Rb6 26. Nf5 Rd7 27. bxc4 Ra6 28. d3
Bc5 29. d4 Ba3 30. Bb2 Bb4 31. d5 cxd5 32. cxd5 Bxf5 33. exf5 Qb6 34. e6 Rxd5
35. exf7+ 1-0

[Event "Open Praha 2018 - B"]
[Site "Praha (CZE)"]
[Date "2018.01.12"]
[Round "1"]
[White "Gubin, Oleg"]
[Black "Gunyecz, Zoltan Dr"]
[Result "1/2-1/2"]
[WhiteElo "1584"]
[BlackElo "1977"]
[PlyCount "65"]
[EventDate "2018.01.12"]

1. e4 c6 2. d4 d5 3. Nc3 dxe4 4. Nxe4 Bf5 5. Ng3 Bg6 6. Nf3 Nd7 7. Bd3 e6 8.
O-O Ngf6 9. Bg5 Qc7 10. Re1 Bd6 11. c4 O-O 12. Bxg6 hxg6 13. Qe2 c5 14. Rad1
cxd4 15. Nxd4 a6 16. Nxe6 fxe6 17. Qxe6+ Kh8 18. Qxd6 Qxc4 19. Re7 Rad8 20.
Rxd7 Rxd7 21. Qxf8+ Kh7 22. Rc1 Qb5 23. h4 Ng4 24. Qf4 Ne5 25. h5 Nd3 26. hxg6+
Kxg6 27. Qg4 Qxg5 28. Qxg5+ Kxg5 29. Rd1 Kf4 30. Kf1 Ke5 31. Ne2 Rd6 32. Nc3
Nxb2 33. Rxd6 1/2-1/2

[Event "Open Praha 2018 - B"]
[Site "Praha (CZE)"]
[Date "2018.01.12"]
[Round "1"]
[White "Ringen, Julian Lothe"]
[Black "Jaeger, Andre"]
[Result "0-1"]
[WhiteElo "1569"]
[BlackElo "1958"]
[PlyCount "76"]
[EventDate "2018.01.12"]

1. e4 c5 2. Nf3 Nc6 3. d4 cxd4 4. Nxd4 Nf6 5. Nc3 e5 6. Ndb5 d6 7. Bg5 a6 8.
Na3 Be6 9. Bxf6 gxf6 10. Bc4 b5 11. Bxe6 fxe6 12. Qh5+ Ke7 13. Ne2 Qe8 14. Qh3
Qg6 15. f3 Bh6 16. O-O Be3+ 17. Kh1 Rag8 18. Rad1 Bc5 19. Nb1 Nb4 20. c3 Nc2
21. Rc1 Ne3 22. Rg1 Nc4 23. Rgf1 Nxb2 24. Ng3 Nd3 25. Rc2 Nf4 26. Qh4 h5 27.
Rd1 Qg5 28. Qxg5 Rxg5 29. Nf1 h4 30. Rdd2 Rhg8 31. a3 d5 32. Rb2 d4 33. cxd4
exd4 34. Rbc2 d3 35. Rb2 Ne2 36. g4 hxg3 37. hxg3 Rh8+ 38. Kg2 Nf4# 0-1

[Event "Open Praha 2018 - B"]
[Site "Praha (CZE)"]
[Date "2018.01.12"]
[Round "1"]
[White "Bakalar, Jan"]
[Black "Ponomarenko, Anton"]
[Result "1-0"]
[WhiteElo "1946"]
[BlackElo "1560"]
[PlyCount "60"]
[EventDate "2018.01.12"]

1. e4 c5 2. Nc3 a6 3. a4 e6 4. Nf3 Qc7 5. Be2 Nf6 6. O-O d5 7. exd5 exd5 8. d4
Be6 9. h3 Nbd7 10. Be3 b6 11. Ng5 Be7 12. Nxe6 fxe6 13. Bg4 cxd4 14. Bxd4 e5
15. Bxd7+ Kxd7 16. Be3 d4 17. Bg5 Ke6 18. Bxf6 gxf6 19. Ne2 Bc5 20. c3 Rad8 21.
b4 d3 22. Ng3 Be7 23. Qb3+ Rd5 24. Rfd1 Kd6 25. c4 Rd4 26. Nf5+ Kc6 27. Nxd4+
exd4 28. Qxd3 Kb7 29. Rab1 Rg8 30. Qe4+ Ka7 1-0

[Event "Open Praha 2018 - B"]
[Site "Praha (CZE)"]
[Date "2018.01.12"]
[Round "1"]
[White "Badik, Maksym"]
[Black "Valik, Ondrej"]
[Result "1-0"]
[WhiteElo "1928"]
[BlackElo "1555"]
[PlyCount "105"]
[EventDate "2018.01.12"]

1. e4 c6 2. d4 d5 3. Nc3 dxe4 4. Nxe4 Nd7 5. Bc4 Ngf6 6. Ng5 e6 7. N1f3 h6 8.
Nh3 Bd6 9. Nf4 Nb6 10. Bb3 a5 11. c3 Qc7 12. Nd3 Nbd5 13. Nfe5 O-O 14. h3 b6
15. O-O Ba6 16. Re1 c5 17. dxc5 bxc5 18. Bc4 Bb7 19. Ng4 Nxg4 20. Qxg4 Nf6 21.
Qh4 Nh7 22. Bf4 Qc6 23. Qg3 Bxf4 24. Nxf4 a4 25. Nxe6 fxe6 26. Rxe6 Qxg2+ 27.
Qxg2 Bxg2 28. Kxg2 Kh8 29. Rc6 Rf5 30. Be6 Rg5+ 31. Kh2 Rf8 32. Rc8 Re5 33.
Rxf8+ Nxf8 34. Bc4 Ng6 35. Rd1 Nf4 36. Kg3 g5 37. Rd8+ Kg7 38. Rg8+ Kf6 39.
Rf8+ Kg7 40. Rg8+ Kf6 41. Rf8+ Kg7 42. Rf7+ Kg6 43. Ra7 Ne2+ 44. Kf3 Nf4 45.
Kg3 Ne2+ 46. Kh2 Kf5 47. Rxa4 Nf4 48. Ra6 h5 49. Rd6 g4 50. h4 Nh3 51. Bd3+ Re4
52. Rd5+ Kf4 53. Bxe4 1-0

[Event "Open Praha 2018 - B"]
[Site "Praha (CZE)"]
[Date "2018.01.12"]
[Round "1"]
[White "Bublik, Frantisek"]
[Black "Ocelak, Jakub"]
[Result "1-0"]
[WhiteElo "1848"]
[BlackElo "1532"]
[PlyCount "119"]
[EventDate "2018.01.12"]

1. f4 d5 2. Nf3 Nf6 3. e3 c5 4. b3 Nc6 5. Bb5 a6 6. Bxc6+ bxc6 7. Bb2 Bg4 8.
O-O e6 9. Qe1 Bxf3 10. Rxf3 Be7 11. d3 Qb6 12. Nd2 h6 13. Rg3 Rg8 14. Nf3 c4
15. dxc4 dxc4 16. Ne5 cxb3 17. axb3 Nd5 18. Nc4 Qa7 19. Rf3 g5 20. fxg5 hxg5
21. Ne5 Nb4 22. Qc3 Bc5 23. Rxf7 Bxe3+ 24. Kh1 Qc5 25. Qxc5 Bxc5 26. Raf1 O-O-O
27. h3 Nxc2 28. Nxc6 Rd2 29. Be5 Bd6 30. Rc1 Bxe5 31. Nxe5 Rgd8 32. Kh2 R8d5
33. Nc4 Re2 34. Nb6+ Kb8 35. Nxd5 exd5 36. Kg3 d4 37. Rf2 Re3+ 38. Rf3 Re2 39.
Rd3 Kb7 40. Kf3 Re3+ 41. Rxe3 Nxe3 42. Rc5 Kb6 43. b4 Nf1 44. Rxg5 d3 45. Rd5
Nd2+ 46. Ke3 Nb3 47. Kxd3 Kc6 48. Rf5 Nc1+ 49. Kc4 Ne2 50. Rf6+ Kb7 51. g4 Ng3
52. Re6 Nf1 53. g5 Nd2+ 54. Kd5 Nb1 55. g6 Nc3+ 56. Kc4 Nb5 57. g7 Na3+ 58. Kc5
Nb5 59. g8=Q Nc7 60. Rb6+ 1-0

[Event "Open Praha 2018 - B"]
[Site "Praha (CZE)"]
[Date "2018.01.12"]
[Round "1"]
[White "Rychtecky, Pavel"]
[Black "Nemecek, Pavel"]
[Result "0-1"]
[WhiteElo "1524"]
[BlackElo "1846"]
[PlyCount "54"]
[EventDate "2018.01.12"]

1. e4 e6 2. d4 d5 3. Nc3 Nf6 4. Bg5 Bb4 5. e5 h6 6. exf6 hxg5 7. fxg7 Rg8 8.
Qh5 Qf6 9. Nge2 Qxg7 10. O-O-O Nd7 11. Qf3 Nf6 12. Nb5 Ba5 13. Ng3 Bd7 14. Nh5
Nxh5 15. Qxh5 a6 16. Na3 g4 17. c3 O-O-O 18. Be2 f5 19. Qh4 e5 20. Qg3 Qh6+ 21.
Kb1 f4 22. Qd3 e4 23. Qd2 Bf5 24. Ka1 Qd6 25. b4 Bb6 26. c4 dxc4 27. Nxc4 Bxd4+
0-1

[Event "Open Praha 2018 - B"]
[Site "Praha (CZE)"]
[Date "2018.01.12"]
[Round "1"]
[White "Koper, Stefan"]
[Black "Sedlackova, Janka"]
[Result "1-0"]
[WhiteElo "1840"]
[BlackElo "1521"]
[PlyCount "45"]
[EventDate "2018.01.12"]

1. d4 Nf6 2. c4 g6 3. Nc3 d5 4. cxd5 Nxd5 5. e4 Nxc3 6. bxc3 Bg7 7. Rb1 c5 8.
Nf3 O-O 9. Be2 cxd4 10. cxd4 Qa5+ 11. Qd2 Qxd2+ 12. Bxd2 Nc6 13. d5 Ne5 14.
Nxe5 Bxe5 15. f4 Bd4 16. Bb4 b6 17. Bxe7 Re8 18. d6 Bd7 19. Ba6 Rab8 20. Bb5
Bxb5 21. Rxb5 a6 22. Rd5 Bc3+ 23. Ke2 1-0

[Event "Open Praha 2018 - B"]
[Site "Praha (CZE)"]
[Date "2018.01.13"]
[Round "3"]
[White "Badik, Yaryna"]
[Black "Prudnikov, Andrey"]
[Result "0-1"]
[WhiteElo "1812"]
[BlackElo "2022"]
[PlyCount "82"]
[EventDate "2018.01.12"]

1. e4 c5 2. Nf3 Nf6 3. Nc3 d6 4. Bb5+ Nbd7 5. d4 cxd4 6. Qxd4 a6 7. Bc4 e5 8.
Qe3 Be7 9. O-O b5 10. Bd5 Nxd5 11. Nxd5 O-O 12. a4 Bb7 13. Nxe7+ Qxe7 14. axb5
axb5 15. Rxa8 Rxa8 16. Nd2 Rc8 17. c3 Nc5 18. f3 Ba6 19. Rd1 h6 20. Nf1 Rd8 21.
Ng3 Bc8 22. Qe2 Qb7 23. Be3 Qc6 24. Qf2 Re8 25. Nh5 Re6 26. Qh4 Rg6 27. Qd8+
Kh7 28. Qf8 Nxe4 29. Qxf7 Bh3 30. g3 Be6 31. Qe7 Bb3 32. Re1 Nf6 33. Nxf6+ Rxf6
34. f4 Qf3 35. Bf2 Bd5 36. Kf1 Qg2+ 37. Ke2 Bc4+ 38. Ke3 exf4+ 39. gxf4 Re6+
40. Qxe6 Bxe6 41. h4 Bc4 0-1

[Event "Open Praha 2018 - B"]
[Site "Praha (CZE)"]
[Date "2018.01.13"]
[Round "3"]
[White "Janacek, Jaroslav"]
[Black "Zeliantsova, Kseniya"]
[Result "0-1"]
[WhiteElo "2020"]
[BlackElo "1788"]
[PlyCount "90"]
[EventDate "2018.01.12"]

1. Nf3 Nf6 2. c4 g6 3. b4 Bg7 4. Bb2 O-O 5. g3 d6 6. Bg2 e5 7. O-O e4 8. Nd4
Re8 9. Nc2 Nbd7 10. Ne3 Nf8 11. Nc3 c6 12. d4 d5 13. cxd5 cxd5 14. Qb3 Be6 15.
Rac1 Qd7 16. a4 h5 17. Nb5 Rac8 18. Rxc8 Qxc8 19. Rc1 Qd8 20. Rc2 Ng4 21. Nxg4
Bxg4 22. h3 Bf5 23. Rc5 Nd7 24. Rxd5 Be6 25. Bxe4 Qe7 26. Bf3 Nb6 27. e4 Nxd5
28. exd5 Bxh3 29. Bc3 a6 30. d6 Qf6 31. Bxb7 Rb8 32. Bc6 axb5 33. axb5 Qxd6 34.
d5 Bxc3 35. Qxc3 Qe7 36. f4 Qe2 37. d6 Qd1+ 38. Kh2 Be6 39. Qe5 Rd8 40. b6 Qd2+
41. Bg2 Qxd6 42. Qc5 Qd2 43. b7 h4 44. f5 Bxf5 45. gxh4 Qf4+ 0-1

[Event "Open Praha 2018 - B"]
[Site "Praha (CZE)"]
[Date "2018.01.13"]
[Round "3"]
[White "Marinc, Damir"]
[Black "Michel, Ladislav"]
[Result "1/2-1/2"]
[WhiteElo "1964"]
[BlackElo "1774"]
[PlyCount "92"]
[EventDate "2018.01.12"]

1. d4 d6 2. c4 c6 3. Nc3 Nd7 4. e4 h6 5. Be3 g5 6. h4 gxh4 7. Rxh4 Bg7 8. Nf3
Nf8 9. Qd2 Ng6 10. Rh1 h5 11. Bd3 Nf6 12. e5 Ng4 13. Bxg6 fxg6 14. Bf4 dxe5 15.
Nxe5 Nxe5 16. Bxe5 Bxe5 17. dxe5 Qxd2+ 18. Kxd2 Rf8 19. Ke3 Be6 20. b3 O-O-O
21. Rad1 Rxd1 22. Rxd1 Rf5 23. f4 Rf8 24. Ne4 Rd8 25. Rxd8+ Kxd8 26. Ng3 a5 27.
Ke4 Bg4 28. Kd4 h4 29. Ne4 h3 30. gxh3 Bxh3 31. c5 Kc7 32. Nd2 b5 33. a3 Be6
34. b4 axb4 35. axb4 Kd7 36. Nf3 Bd5 37. Nh4 Bf7 38. Nf3 Bd5 39. Nd2 Ke6 40.
Nf1 Kf7 41. Ne3 Ba2 42. Ke4 Ke6 43. Kd4 Kf7 44. Nd1 Ke6 45. Nc3 Bc4 46. Ke4 Bb3
1/2-1/2

[Event "Open Praha 2018 - B"]
[Site "Praha (CZE)"]
[Date "2018.01.13"]
[Round "3"]
[White "Kochev, Igor"]
[Black "Jaeger, Andre"]
[Result "1/2-1/2"]
[WhiteElo "1759"]
[BlackElo "1958"]
[PlyCount "90"]
[EventDate "2018.01.12"]

1. e4 c5 2. Nf3 Nc6 3. d4 cxd4 4. Nxd4 Nf6 5. Nc3 e5 6. Ndb5 d6 7. Bg5 a6 8.
Na3 Be6 9. Nc4 Rc8 10. Ne3 Be7 11. Bxf6 Bxf6 12. Be2 Bg5 13. O-O Bxe3 14. fxe3
Qb6 15. Qd2 O-O 16. Nd5 Bxd5 17. exd5 Ne7 18. c4 f5 19. Kh1 e4 20. g3 Ng6 21.
Rf2 Ne5 22. b3 g6 23. Qd4 Qb4 24. Raf1 h5 25. h3 Qc5 26. Kg2 b6 27. Rf4 Rce8
28. Qxc5 bxc5 29. g4 fxg4 30. hxg4 Nxg4 31. Bxg4 Rxf4 32. Rxf4 hxg4 33. Rxg4
Kg7 34. Kg3 Re5 35. Rf4 Rg5+ 36. Kh4 Rh5+ 37. Kg4 Re5 38. a3 a5 39. a4 Re8 40.
Kg5 Re5+ 41. Kg4 Re8 42. Kh4 Re5 43. Kg4 Re8 44. Kg3 Re5 45. Kg4 Re8 1/2-1/2

[Event "Open Praha 2018 - B"]
[Site "Praha (CZE)"]
[Date "2018.01.13"]
[Round "3"]
[White "Kalvach, Ladislav"]
[Black "Palka, Miroslav"]
[Result "1/2-1/2"]
[WhiteElo "1754"]
[BlackElo "1934"]
[PlyCount "66"]
[EventDate "2018.01.12"]

1. e4 c5 2. Ne2 d6 3. g3 Nc6 4. Bg2 g6 5. O-O Bg7 6. c3 e5 7. d3 Be6 8. f4 Qd7
9. Be3 Nge7 10. fxe5 Nxe5 11. Nf4 Bg4 12. Qd2 O-O 13. h3 Be6 14. Nxe6 fxe6 15.
Na3 Rab8 16. d4 cxd4 17. cxd4 N5c6 18. d5 exd5 19. exd5 Ne5 20. Bxa7 Rbc8 21.
Bd4 Nf5 22. Bxe5 Bxe5 23. g4 Nh4 24. Rxf8+ Rxf8 25. Nc4 Bf4 26. Qd3 b5 27. Ne3
Qa7 28. Re1 Qxa2 29. Nd1 Qa7+ 30. Kh1 Nxg2 31. Kxg2 Qc5 32. Nc3 Be5 33. Ne4 Qb4
1/2-1/2

[Event "Open Praha 2018 - B"]
[Site "Praha (CZE)"]
[Date "2018.01.13"]
[Round "3"]
[White "Sadzikowski, Marian"]
[Black "Simkin, Alexander"]
[Result "1-0"]
[WhiteElo "1880"]
[BlackElo "1749"]
[PlyCount "101"]
[EventDate "2018.01.12"]

1. e4 c5 2. f4 Nc6 3. Nf3 e6 4. Bb5 a6 5. Bxc6 bxc6 6. O-O d5 7. e5 c4 8. b3
cxb3 9. axb3 Ne7 10. Ba3 Ng6 11. Bxf8 Nxf8 12. Nc3 Ng6 13. Ne2 O-O 14. Qe1 Qb6+
15. Kh1 c5 16. Qf2 Rb8 17. h4 d4 18. Ng5 h6 19. Ne4 Bb7 20. d3 Ne7 21. b4 Bxe4
22. dxe4 Qc6 23. bxc5 Qxe4 24. Nxd4 Rbc8 25. Rfe1 Qd5 26. Nb3 Qc4 27. Red1 Nf5
28. Rd3 Rfd8 29. Rad1 Rxd3 30. Rxd3 Qb4 31. Qd2 Qxd2 32. Rxd2 Ng3+ 33. Kg1 Ne4
34. Rd4 Ng3 35. Rc4 Nf5 36. Kf2 Nxh4 37. c6 Ng6 38. Ke3 Ne7 39. Na5 Nd5+ 40.
Ke4 Kf8 41. g4 Ke7 42. Rd4 Rc7 43. c4 Nb4 44. Rd6 f6 45. Kd4 Nc2+ 46. Kc5 Ne3
47. Kb6 Rc8 48. Kb7 Re8 49. c7 Nxg4 50. Nc6+ Kf8 51. Rd8 1-0

[Event "Open Praha 2018 - B"]
[Site "Praha (CZE)"]
[Date "2018.01.13"]
[Round "3"]
[White "Rysaev, Danial"]
[Black "Vorsilka, Jiri"]
[Result "1-0"]
[WhiteElo "1818"]
[BlackElo "1601"]
[PlyCount "49"]
[EventDate "2018.01.12"]

1. d4 Nf6 2. c4 g6 3. Nc3 d5 4. cxd5 Nxd5 5. e4 Nxc3 6. bxc3 Bg7 7. Nf3 O-O 8.
Rb1 c5 9. Be2 cxd4 10. cxd4 Qa5+ 11. Qd2 Qxd2+ 12. Bxd2 Nc6 13. d5 Nd4 14. Nxd4
Bxd4 15. Bb4 Bf6 16. f4 a5 17. Bc5 Bc3+ 18. Kf2 Bb4 19. Rhc1 Rd8 20. a3 Bxc5+
21. Rxc5 e6 22. Bc4 exd5 23. Bxd5 Re8 24. Rc7 Rb8 25. Bxf7+ 1-0

[Event "Open Praha 2018 - A"]
[Site "?"]
[Date "2018.01.16"]
[Round "6"]
[White "Jurcik, Marian"]
[Black "Stefansson, Hannes"]
[Result "1/2-1/2"]
[BlackElo "2523"]
[WhiteElo "2460"]
[LiveChessVersion "1.4.8"]

1. e4 {[%clk 1:29:47]} c5 {[%clk 1:30:30]} 2. Nf3 {[%clk 1:29:57]} e6
{[%clk 1:30:44]} 3. d4 {[%clk 1:30:21]} cxd4 {[%clk 1:31:04]} 4. Nxd4
{[%clk 1:30:41]} Nc6 {[%clk 1:31:18]} 5. Nb5 {[%clk 1:30:44]} d6 {[%clk 1:31:27]}
6. c4 {[%clk 1:31:02]} Nf6 {[%clk 1:31:09]} 7. N1c3 {[%clk 1:31:27]} a6
{[%clk 1:29:53]} 8. Nd4 {[%clk 1:31:49]} d5 {[%clk 1:19:32]} 9. exd5
{[%clk 1:30:30]} exd5 {[%clk 1:19:49]} 10. cxd5 {[%clk 1:28:47]} Nxd5
{[%clk 1:19:44]} 11. Nxc6 {[%clk 1:27:37]} 1/2-1/2

[Event "Open Praha 2018 - A"]
[Site "?"]
[Date "2018.01.16"]
[Round "6"]
[White "Solozhenkin, Evgeniy"]
[Black "Pacher, Milan"]
[Result "0-1"]
[BlackElo "2444"]
[WhiteElo "2451"]
[LiveChessVersion "1.4.8"]

1. e4 {[%clk 1:30:57]} e5 {[%clk 1:30:51]} 2. Nf3 {[%clk 1:31:17]} Nc6
{[%clk 1:31:13]} 3. Bc4 {[%clk 1:31:35]} Bc5 {[%clk 1:31:38]} 4. O-O
{[%clk 1:31:44]} Nf6 {[%clk 1:32:04]} 5. d3 {[%clk 1:32:06]} d6 {[%clk 1:31:58]}
6. c3 {[%clk 1:26:13]} a6 {[%clk 1:32:09]} 7. a4 {[%clk 1:25:58]} O-O
{[%clk 1:31:49]} 8. h3 {[%clk 1:19:42]} Ba7 {[%clk 1:31:18]} 9. Re1
{[%clk 1:16:59]} Be6 {[%clk 1:24:42]} 10. Bxe6 {[%clk 1:16:09]} fxe6
{[%clk 1:25:09]} 11. Be3 {[%clk 1:16:21]} Bxe3 {[%clk 1:24:18]} 12. Rxe3
{[%clk 1:16:38]} Qe8 {[%clk 1:24:07]} 13. Nbd2 {[%clk 1:15:38]} Nh5
{[%clk 1:23:31]} 14. d4 {[%clk 1:07:42]} Nf4 {[%clk 1:20:01]} 15. Kh2
{[%clk 0:57:43]} exd4 {[%clk 1:16:37]} 16. cxd4 {[%clk 0:56:54]} e5
{[%clk 1:16:27]} 17. d5 {[%clk 0:47:18]} Nd4 {[%clk 1:06:20]} 18. g3
{[%clk 0:44:43]} Ng6 {[%clk 0:45:00]} 19. Nb3 {[%clk 0:37:11]} Rf6
{[%clk 0:41:35]} 20. Kg1 {[%clk 0:31:22]} c5 {[%clk 0:36:11]} 21. dxc6 Nxc6
{[%clk 0:36:35]} 22. Nh2 {[%clk 0:23:04]} Qe6 {[%clk 0:27:54]} 23. Qg4
{[%clk 0:21:12]} Qf7 {[%clk 0:22:04]} 24. Qe2 {[%clk 0:21:02]} Rf8
{[%clk 0:21:51]} 25. Ng4 {[%clk 0:16:49]} Re6 {[%clk 0:22:16]} 26. Rf1
{[%clk 0:14:02]} h5 {[%clk 0:18:18]} 27. Nh2 {[%clk 0:14:26]} Rf6
{[%clk 0:18:42]} 28. h4 {[%clk 0:11:42]} Nge7 {[%clk 0:15:23]} 29. Qd2
{[%clk 0:08:42]} Qc4 {[%clk 0:13:44]} 30. Qe2 {[%clk 0:07:11]} Qf7
{[%clk 0:11:33]} 31. Qd2 {[%clk 0:07:09]} d5 {[%clk 0:11:44]} 32. Nc5
{[%clk 0:07:20]} d4 {[%clk 0:10:06]} 33. Ra3 {[%clk 0:06:02]} Nc8
{[%clk 0:09:49]} 34. f3 {[%clk 0:02:33]} Nd6 {[%clk 0:10:01]} 35. Qe2
{[%clk 0:01:03]} Nc4 {[%clk 0:09:53]} 36. Raa1 {[%clk 0:01:25]} Ne3
{[%clk 0:10:14]} 37. Rfc1 {[%clk 0:01:13]} Nb4 {[%clk 0:05:59]} 38. Kh1
{[%clk 0:01:07]} b6 {[%clk 0:06:03]} 39. Nd3 {[%clk 0:00:34]} Nxd3
{[%clk 0:06:26]} 40. Qxd3 {[%clk 0:01:00]} Rxf3 {[%clk 0:06:45]} 0-1

[Event "Open Praha 2018 - A"]
[Site "?"]
[Date "2018.01.16"]
[Round "6"]
[White "Pushkov, Nikolai"]
[Black "Kiriakov, Petr"]
[Result "1/2-1/2"]
[BlackElo "2528"]
[WhiteElo "2298"]
[LiveChessVersion "1.4.8"]

1. c4 {[%clk 1:30:44]} e6 {[%clk 1:30:37]} 2. Nc3 {[%clk 1:30:44]} Bb4
{[%clk 1:28:52]} 3. Qc2 {[%clk 1:30:27]} c5 {[%clk 1:27:26]} 4. Nf3
{[%clk 1:29:39]} Nf6 {[%clk 1:26:52]} 5. a3 {[%clk 1:28:07]} Ba5 {[%clk 1:26:27]}
6. e3 {[%clk 1:27:09]} O-O {[%clk 1:24:15]} 7. d4 {[%clk 1:25:16]} b6
{[%clk 1:19:39]} 8. Be2 {[%clk 1:24:33]} d5 {[%clk 1:13:33]} 9. O-O
{[%clk 1:21:01]} Bxc3 {[%clk 1:01:05]} 10. Qxc3 {[%clk 1:20:01]} Ba6
{[%clk 0:56:47]} 11. dxc5 {[%clk 1:13:37]} bxc5 {[%clk 0:55:24]} 12. b3
{[%clk 1:11:01]} Nbd7 {[%clk 0:54:11]} 1/2-1/2

[Event "Open Praha 2018 - A"]
[Site "?"]
[Date "2018.01.16"]
[Round "6"]
[White "Low, Zhen Yu Cyrus"]
[Black "Lee, Jun Hyeok"]
[Result "1-0"]
[BlackElo "2305"]
[WhiteElo "2437"]
[LiveChessVersion "1.4.8"]

1. e4 {[%clk 1:30:55]} e5 {[%clk 1:30:50]} 2. Nf3 {[%clk 1:31:04]} Nc6
{[%clk 1:30:53]} 3. Bc4 {[%clk 1:31:21]} Nf6 {[%clk 1:31:10]} 4. Ng5
{[%clk 1:31:46]} d5 {[%clk 1:31:19]} 5. exd5 {[%clk 1:32:11]} Na5
{[%clk 1:31:44]} 6. Bb5+ {[%clk 1:32:36]} c6 {[%clk 1:32:08]} 7. dxc6
{[%clk 1:33:03]} bxc6 {[%clk 1:32:33]} 8. Bd3 {[%clk 1:33:27]} Nd5
{[%clk 1:32:54]} 9. Nf3 {[%clk 1:33:52]} Bd6 {[%clk 1:33:13]} 10. O-O
{[%clk 1:34:15]} Nf4 {[%clk 1:33:26]} 11. Re1 {[%clk 1:34:40]} Nxd3
{[%clk 1:33:51]} 12. cxd3 {[%clk 1:35:06]} O-O {[%clk 1:32:34]} 13. Nc3
{[%clk 1:34:43]} Re8 {[%clk 1:32:35]} 14. Ne4 {[%clk 1:35:03]} Bc7
{[%clk 1:25:10]} 15. b4 {[%clk 1:30:12]} Nb7 {[%clk 1:24:16]} 16. Bb2
{[%clk 1:21:27]} Qxd3 {[%clk 1:19:51]} 17. Rc1 {[%clk 1:20:53]} Bd7
{[%clk 1:12:19]} 18. Nfg5 {[%clk 1:12:02]} Qd5 {[%clk 0:22:51]} 19. Qc2
{[%clk 1:12:07]} f5 {[%clk 0:19:29]} 20. Nc3 {[%clk 1:10:17]} Qc4
{[%clk 0:18:50]} 21. d3 {[%clk 0:53:30]} Qxb4 {[%clk 0:19:09]} 22. Nd5
{[%clk 0:52:50]} cxd5 {[%clk 0:18:51]} 23. Qxc7 {[%clk 0:53:00]} Rad8
{[%clk 0:09:22]} 24. Bxe5 {[%clk 0:51:54]} Qb6 {[%clk 0:08:22]} 25. Nf3
{[%clk 0:42:07]} Re7 {[%clk 0:04:39]} 26. Qxb6 {[%clk 0:35:03]} axb6
{[%clk 0:05:08]} 27. Bc7 {[%clk 0:35:22]} Rxe1+ {[%clk 0:05:16]} 28. Rxe1
{[%clk 0:35:51]} Rc8 {[%clk 0:02:12]} 29. Bxb6 {[%clk 0:35:31]} Bb5
{[%clk 0:02:36]} 30. Ne5 {[%clk 0:25:52]} Nd6 {[%clk 0:03:03]} 31. h4
{[%clk 0:20:28]} Ra8 {[%clk 0:01:58]} 32. Rb1 {[%clk 0:20:06]} Ba6
{[%clk 0:02:23]} 33. Rb3 {[%clk 0:19:26]} Nf7 {[%clk 0:01:20]} 34. Nc6
{[%clk 0:19:19]} Kf8 {[%clk 0:01:02]} 35. Bc5+ {[%clk 0:16:28]} Ke8
{[%clk 0:01:26]} 36. Ne7 {[%clk 0:16:37]} Ne5 {[%clk 0:01:00]} 37. d4
{[%clk 0:14:52]} Bc4 {[%clk 0:01:02]} 38. dxe5 {[%clk 0:14:05]} Bxb3
{[%clk 0:01:28]} 39. axb3 {[%clk 0:14:32]} d4 {[%clk 0:01:05]} 40. Nxf5
{[%clk 0:12:56]} d3 {[%clk 0:01:09]} 41. Be3 {[%clk 0:13:01]} Ra1+
{[%clk 0:28:15]} 42. Kh2 {[%clk 0:43:24]} Kf7 43. Nd6+ {[%clk 0:41:44]} Ke6
{[%clk 0:28:45]} 44. Nc4 {[%clk 0:42:09]} Rb1 {[%clk 0:25:37]} 45. Nd2
{[%clk 0:42:26]} Rd1 {[%clk 0:25:57]} 46. Bf4 {[%clk 0:42:28]} Kf5
{[%clk 0:25:33]} 47. Kg3 {[%clk 0:42:13]} Rh1 {[%clk 0:23:00]} 48. b4
{[%clk 0:39:14]} Rc1 {[%clk 0:21:13]} 49. Kf3 {[%clk 0:39:29]} Rc2
{[%clk 0:21:21]} 50. g4+ {[%clk 0:38:56]} Ke6 {[%clk 0:21:46]} 51. Ke4
{[%clk 0:39:01]} Rb2 {[%clk 0:21:51]} 52. Kxd3 {[%clk 0:38:31]} Rxb4
{[%clk 0:22:18]} 53. Ke3 {[%clk 0:37:34]} Kd5 {[%clk 0:22:32]} 54. f3
{[%clk 0:37:39]} Ra4 {[%clk 0:22:36]} 55. Ne4 {[%clk 0:37:39]} Ra3+
{[%clk 0:23:02]} 56. Kf2 {[%clk 0:38:00]} h6 {[%clk 0:23:07]} 57. h5
{[%clk 0:38:24]} Ke6 {[%clk 0:22:18]} 58. Kg3 {[%clk 0:38:44]} Ra1
{[%clk 0:22:22]} 59. Nd6 {[%clk 0:39:06]} Rg1+ {[%clk 0:21:53]} 60. Kf2
{[%clk 0:39:29]} Ra1 {[%clk 0:22:17]} 61. Nf5 {[%clk 0:39:11]} Ra7
{[%clk 0:22:36]} 62. Kg3 {[%clk 0:39:36]} Rd7 {[%clk 0:22:59]} 63. Bc1
{[%clk 0:40:01]} Ra7 {[%clk 0:23:02]} 64. Bb2 {[%clk 0:40:23]} Rb7
{[%clk 0:21:47]} 65. Ba3 {[%clk 0:40:48]} Rf7 {[%clk 0:22:08]} 66. Bb4
{[%clk 0:41:12]} Kxe5 {[%clk 0:22:01]} 67. Bc3+ {[%clk 0:41:38]} Ke6
{[%clk 0:22:16]} 68. Bxg7 {[%clk 0:42:02]} Rb7 {[%clk 0:22:27]} 69. Bxh6
{[%clk 0:42:26]} Kf6 {[%clk 0:22:51]} 70. Bg7+ {[%clk 0:42:43]} Ke6
{[%clk 0:23:08]} 71. h6 {[%clk 0:43:05]} 1-0